Dílna a laboratoř - dva typy demoskopického pracoviště

Demoskopia - reprezentatívne koncipovaný prieskum trhu, verejnej mienky a prieskum sledovania masmédií. Príklady laboratórneho prístupu k demoskopickému prieskumu: predvolebný prieskum v Čechách r. 1946 a prieskum telovýchovných aktivít dospelých r. 1988.

Na minha lista:
Detalhes bibliográficos
Autor principal: Adamec, Č.
Formato: Capítulo de Livro
Idioma:tcheco
Assuntos:
Tags: Adicionar Tag
Sem tags, seja o primeiro a adicionar uma tag!

MARC

LEADER 00000naa a2200000 4500
001 r026961
005 20230607100422.0
041 0 |a cze 
044 |a CZ 
245 1 0 |a Dílna a laboratoř - dva typy demoskopického pracoviště  |c Č. Adamec 
520 |a Demoskopia - reprezentatívne koncipovaný prieskum trhu, verejnej mienky a prieskum sledovania masmédií. Príklady laboratórneho prístupu k demoskopickému prieskumu: predvolebný prieskum v Čechách r. 1946 a prieskum telovýchovných aktivít dospelých r. 1988. 
610 2 0 |a Česko 
610 2 0 |a 1946 
610 2 0 |a 1988 
610 2 0 |a marketing 
610 2 0 |a komunikácia 
610 2 0 |a prieskum štatistický 
610 2 0 |a zisťovanie štatistické 
100 1 |a Adamec, Č.